Leaner and greener (Record no. 112009)

MARC details
000 -LEADER
fixed length control field 01660cad a22002295a 4500
001 - CONTROL NUMBER
control field L152344
008 - FIXED-LENGTH DATA ELEMENTS--GENERAL INFORMATION
fixed length control field 110223s2011 xxk f 000 0 eng d
035 ## - SYSTEM CONTROL NUMBER
System control number (Sirsi) u152344
041 0# - LANGUAGE CODE
Language code of text/sound track or separate title eng
050 04 - LIBRARY OF CONGRESS CALL NUMBER
Classification number 333.72 $2 18
110 2# - MAIN ENTRY--CORPORATE NAME
Corporate name or jurisdiction name as entry element Westminster Sustainable Business Forum
9 (RLIN) 5918
245 00 - TITLE STATEMENT
Title Leaner and greener
Remainder of title delivering effective estate management
260 ## - PUBLICATION, DISTRIBUTION, ETC.
Place of publication, distribution, etc. London
Name of publisher, distributor, etc. Westminster Sustainable Business Forum
Date of publication, distribution, etc. 2011
505 2# - FORMATTED CONTENTS NOTE
Formatted contents note Drivers of sustainable asset management -- preparing for strategic asset management -- valuing sustainability -- co-operation with partners -- implementing solutions -- glossary of terms
520 ## - SUMMARY, ETC.
Summary, etc. Advocates that local government can save money and improve services through managing their property assets efficiently, sustainably and in partnership with other public and voluntary sector organisations. Efficiency savings can be made by decreasing occupied space by 20-30%, by implementing low cost, flexible working practices and establishing central control over the management of its property assets. Increasing the sustainability can lead to potential savings of £180-200 per m² per year. Promotes partnership working between local councils and service delivery partners in the co-location of back office and front line services within common premises.
590 ## - LOCAL NOTE (RLIN)
Local note KA NTK
651 #4 - SUBJECT ADDED ENTRY--GEOGRAPHIC NAME
Geographic name England
Chronological subdivision 886-
690 ## - LOCAL SUBJECT ADDED ENTRY--TOPICAL TERM (OCLC, RLIN)
Topical term or geographic name as entry element Block management
9 (RLIN) 6220
690 ## - LOCAL SUBJECT ADDED ENTRY--TOPICAL TERM (OCLC, RLIN)
Topical term or geographic name as entry element PROPERTY-PROPERTY DEVELOPMENT-SUSTAINABLE PROPERTY DEVELOPMENT
856 40 - ELECTRONIC LOCATION AND ACCESS
Uniform Resource Identifier <a href="https://www.policyconnect.org.uk/wsbf/rationalising-local-government-sustainable-estate-management">https://www.policyconnect.org.uk/wsbf/rationalising-local-government-sustainable-estate-management</a>
Public note View the report free of charge at www.policyconnect.org.uk
942 ## - ADDED ENTRY ELEMENTS (KOHA)
Suppress in OPAC 0
Holdings
Withdrawn status Lost status Source of classification or shelving scheme Damaged status Not for loan Home library Current library Shelving location Date acquired Total Checkouts Full call number Barcode Date last seen Copy number Price effective from Koha item type
    Dewey Decimal Classification     Virtual Virtual Online 23/02/2011   ONLINE PUBLICATION 152344-2001 06/08/2019 1 06/08/2019 Book